Vilyatpur, 1848-1968 : social and economic change in a north Indian village

Αποθηκεύτηκε σε:
Λεπτομέρειες βιβλιογραφικής εγγραφής
Κύριος συγγραφέας: Kessinger, Tom G.
Μορφή: Βιβλίο
Γλώσσα:English
Δημοσίευση: Berkeley : University of California Press, [1974]
Θέματα:
Ετικέτες: Προσθήκη ετικέτας
Δεν υπάρχουν, Καταχωρήστε ετικέτα πρώτοι!

MARC

LEADER 00000cam a2200000 i 4500
001 1/86543
008 970506s1974 eng d
020 |a 0-520-02340-4 
035 |l 10006521 
040 |a GR-MY-UA  |b gre  |e aacr 
041 0 |a eng 
082 0 |a 306.09541 
100 1 |a Kessinger, Tom G. 
245 1 0 |a Vilyatpur, 1848-1968 :  |b social and economic change in a north Indian village /  |c Tom G. Kessinger 
260 |a Berkeley :   |b University of California Press,   |c [1974] 
300 |a xiii, 227 p.;  |c 25 cm 
500 |a "Sponsored by the Center for South and Southeast Asia Studies, University of California, Berkeley." 
500 |a Based on the author's thesis, University of Chicago, 1972 
504 |a Includes bibliographical references 
650 0 0 |a Villages  |z India  |x Case studies. 
852 |a INST  |b LESVOS  |e 19970506  |h 306.09541 KES  |p 005100011423  |q 005100011423  |t BK  |y 0 
909 |a Λ  |b 009507